000 00240nam a2200097Ia 4500
005 20251222175820.0
008 251222s9999||||xx |||||||||||||| ||spa||
082 _aDVD0070/B82S/2005
245 0 _aSophie Scholl: Die Letzten Tage:
942 _cDVD
999 _c40453
_d40453